[Event "Europa ch s-18 femenino"]
[Site "Herceg Novi MNT"]
[Date "2008.09.15"]
[Round "1.1"]
[White "Hortensius, Lisa"]
[Black "Nemcova, Katerina"]
[Result "0-1"]
[WhiteElo "2028"]
[BlackElo "2372"]
[PlyCount "102"]
[EventDate "2008.09.15"]
[EventType "swiss"]
[EventRounds "9"]
[Source "lmi"]
[SourceDate "2008.09.15"]

1. e4 e5 2. Nc3 Nf6 3. Bc4 Nxe4 4. Qh5 Nd6 5. Bb3 Nc6 6. Nb5 g6 7. Qf3 Nf5 8.
g4 d6 9. gxf5 Bxf5 10. d3 Qd7 11. Ne2 Bg7 12. Nbc3 Bg4 13. Qg3 O-O-O 14. f3 Bh5
15. Bg5 f6 16. Bd2 Ne7 17. O-O-O d5 18. Qf2 Kb8 19. Ng3 Qh3 20. Nxh5 Qxh5 21.
Qc5 Bf8 22. Qf2 Qf5 23. Rhf1 g5 24. h4 c6 25. hxg5 fxg5 26. Qg3 h6 27. d4 Bg7
28. Rde1 Ng6 29. dxe5 Bxe5 30. Qg4 Qf6 31. Nd1 Rhf8 32. c3 Bc7 33. Bc2 Ne5 34.
Qh3 Qg7 35. Re2 Rf7 36. f4 Nc4 37. fxg5 Nxd2 38. Kxd2 Qxg5+ 39. Ne3 Rxf1 40.
Qxf1 Bf4 41. Qf2 Re8 42. Kd3 c5 43. Qf3 Re5 44. a3 h5 45. b4 c4+ 46. Nxc4 dxc4+
47. Kxc4 Qg8+ 48. Kd3 Qd8+ 49. Kc4 Qg8+ 50. Kd4 b5 51. Qxf4 Qd5# 0-1

[Event "Europa ch s-18 femenino"]
[Site "Herceg Novi MNT"]
[Date "2008.09.15"]
[Round "1.3"]
[White "Purgar, Ivona"]
[Black "Rakic, Marija"]
[Result "0-1"]
[WhiteElo "2026"]
[BlackElo "2276"]
[PlyCount "114"]
[EventDate "2008.09.15"]
[EventType "swiss"]
[EventRounds "9"]
[Source "lmi"]
[SourceDate "2008.09.15"]

1. e4 g6 2. d4 Bg7 3. Nc3 c6 4. f4 Qb6 5. Nf3 d5 6. e5 Bg4 7. Be2 h5 8. Na4 Qd8
9. Be3 Nh6 10. Qd2 Nf5 11. Bf2 e6 12. O-O-O Bf8 13. Ng5 Bxe2 14. Qxe2 Qa5 15.
Nc3 b5 16. g4 hxg4 17. Qxg4 b4 18. Nb1 Qxa2 19. h4 Ng7 20. Rdg1 Rh6 21. Nxf7
Kxf7 22. Qg5 Nh5 23. f5 exf5 24. e6+ Ke8 25. e7 Bg7 26. Qe3 Nd7 27. Qe6 Rb8 28.
Be3 c5 29. Bxh6 Bxh6+ 30. Rg5 Nhf6 31. dxc5 Qc4 32. c6 Qf4+ 33. Nd2 Nc5 34.
Qxf6 Qxd2+ 35. Kb1 b3 36. Qxg6+ Kxe7 37. Qh7+ Kd6 38. Rg6+ Ke5 39. Qe7+ Kd4 40.
c3+ Kc4 41. Qe5 Be3 42. c7 Rc8 43. Rc6 Qd3+ 44. Ka1 Qe4 45. Qxe4+ dxe4 46. h5
Kb5 47. Rf6 Rxc7 48. Rxf5 Rc6 49. Re1 Rd6 50. Ref1 Bh6 51. Rf6 Rxf6 52. Rxf6 e3
53. Rf5 Kc4 54. Re5 Bf4 55. Re8 Kd3 56. Kb1 e2 57. Rd8+ Ke3 0-1

[Event "Europa ch s-18 femenino"]
[Site "Herceg Novi MNT"]
[Date "2008.09.15"]
[Round "1.4"]
[White "Ohme, Melanie"]
[Black "Exler, Veronika"]
[Result "1/2-1/2"]
[WhiteElo "2245"]
[BlackElo "2011"]
[PlyCount "129"]
[EventDate "2008.09.15"]
[EventType "swiss"]
[EventRounds "9"]
[Source "lmi"]
[SourceDate "2008.09.15"]

1. e4 c6 2. d4 d5 3. Nc3 dxe4 4. Nxe4 Nd7 5. Ng5 Ngf6 6. Bd3 e6 7. N1f3 Bd6 8.
Qe2 h6 9. Ne4 Nxe4 10. Qxe4 Qc7 11. O-O b6 12. Qg4 Kf8 13. b3 Nf6 14. Qh4 Bb7
15. Bb2 Nd5 16. Ne5 g5 17. Qg4 Nf4 18. Qf3 f5 19. Qe3 Bxe5 20. dxe5 c5 21. f3
Nxd3 22. cxd3 Bd5 23. Rfc1 Qb7 24. Rc2 Kf7 25. Rac1 Rac8 26. Rf2 Qa6 27. Bc3
Qb7 28. Rcc2 Rhd8 29. Bb2 Rc6 30. Rf1 Rdc8 31. Kf2 a5 32. h4 Kg6 33. hxg5 hxg5
34. Rh1 Qg7 35. Rcc1 Rh8 36. Rcg1 Rcc8 37. Rh3 Kf7 38. Rgh1 f4 39. Qe1 Rxh3 40.
Rxh3 Rh8 41. Qh1 Rxh3 42. Qxh3 Qg6 43. Ke2 a4 44. Qh8 g4 45. Qf6+ Qxf6 46. exf6
gxf3+ 47. gxf3 axb3 48. axb3 Bxb3 49. Be5 Bd5 50. Kf2 b5 51. Ke2 b4 52. Kf2 b3
53. Ke2 Kg6 54. Kf2 Bb7 55. Ke2 Bc6 56. Bb2 Be8 57. Kd2 Kf5 58. Kc3 Kxf6 59.
Kxb3+ Kf5 60. Kc4 Bc6 61. Kxc5 Bxf3 62. Kc4 Bd5+ 63. Kc3 Kg5 64. Kd2 f3 65. Bd4
1/2-1/2

[Event "Europa ch s-18 femenino"]
[Site "Herceg Novi MNT"]
[Date "2008.09.15"]
[Round "1.8"]
[White "Danelia, Mariam"]
[Black "Braggaar, Leonore"]
[Result "1/2-1/2"]
[WhiteElo "2185"]
[BlackElo "1967"]
[PlyCount "102"]
[EventDate "2008.09.15"]
[EventType "swiss"]
[EventRounds "9"]
[Source "lmi"]
[SourceDate "2008.09.15"]

1. d4 Nf6 2. c4 c5 3. d5 b5 4. cxb5 a6 5. bxa6 g6 6. Nc3 Bxa6 7. g3 d6 8. Bg2
Bg7 9. Nf3 O-O 10. O-O Nbd7 11. Rb1 Ng4 12. h3 Nge5 13. Nxe5 Nxe5 14. Qc2 Qa5
15. b3 Rfb8 16. Bd2 Bc8 17. a4 Qa7 18. Kh2 Rb6 19. f4 Nd7 20. Nb5 Qb8 21. Rfe1
Ba6 22. Na3 Rb7 23. e4 Qc7 24. Rec1 Rab8 25. Nc4 Bxc4 26. Qxc4 Nb6 27. Qc2 Qd7
28. a5 Nc8 29. Re1 Na7 30. e5 Nb5 31. Qe4 Qc7 32. Rbc1 Nd4 33. a6 Ra7 34. Bc3
Nxb3 35. Rb1 Rxa6 36. Rb2 c4 37. Bf1 Ra4 38. Reb1 Rba8 39. Rc2 Nc5 40. Qe3 Qd7
41. e6 Qe8 42. Bxg7 Kxg7 43. Bxc4 Ra3 44. Qd4+ f6 45. Rcb2 Qa4 46. Rd1 Rc8 47.
Bb5 Qa5 48. Qb4 Qa7 49. Qd4 Qa5 50. Qb4 Qa7 51. Qd4 Qa5 1/2-1/2

[Event "Europa ch s-18 femenino"]
[Site "Herceg Novi MNT"]
[Date "2008.09.15"]
[Round "1.9"]
[White "Dirksen, Marieke"]
[Black "Traistaru, Teodora"]
[Result "0-1"]
[WhiteElo "1933"]
[BlackElo "2162"]
[PlyCount "46"]
[EventDate "2008.09.15"]
[EventType "swiss"]
[EventRounds "9"]
[Source "lmi"]
[SourceDate "2008.09.15"]

1. e4 c5 2. Nf3 d6 3. d4 cxd4 4. Nxd4 Nf6 5. Nc3 a6 6. Bg5 e5 7. Nb3 Be6 8. Be2
Be7 9. Qd2 O-O 10. O-O-O Nbd7 11. Kb1 b5 12. g3 b4 13. Nd5 Nxd5 14. exd5 Bxg5
15. f4 exf4 16. gxf4 Bxd5 17. Qxd5 Bxf4 18. Rd4 Nf6 19. Qf5 Be5 20. Rxb4 a5 21.
Ra4 Qe8 22. Rxa5 Rxa5 23. Nxa5 Qa8 0-1

[Event "Europa ch s-18 femenino"]
[Site "Herceg Novi MNT"]
[Date "2008.09.15"]
[Round "1.10"]
[White "Mader, Manuela"]
[Black "Vasile, Teodora"]
[Result "1/2-1/2"]
[WhiteElo "2155"]
[BlackElo "1932"]
[PlyCount "113"]
[EventDate "2008.09.15"]
[EventType "swiss"]
[EventRounds "9"]
[Source "lmi"]
[SourceDate "2008.09.15"]

1. e4 e5 2. Nf3 d6 3. d4 Nf6 4. Nc3 Nbd7 5. Bc4 Be7 6. O-O c6 7. a4 a5 8. Re1
O-O 9. h3 Qc7 10. Bg5 Re8 11. dxe5 dxe5 12. Nh4 g6 13. Qf3 Kg7 14. Ba2 Nc5 15.
Be3 Ne6 16. Ne2 Bd7 17. Rad1 Rad8 18. Bd2 Bc8 19. Bc3 Bb4 20. Bxe6 Bxe6 21. Qg3
Bxc3 22. Nxc3 Nh5 23. Qe3 b6 24. Ne2 Rxd1 25. Rxd1 Rd8 26. Re1 h6 27. Qc3 c5
28. Nf3 f6 29. g4 Nf4 30. Nxf4 exf4 31. e5 f5 32. gxf5 gxf5 33. Kh2 Kh7 34. Rg1
Qd7 35. h4 Qxa4 36. Qe1 Qe4 37. Qc3 Qe2 38. Rg2 Rg8 39. Rxg8 Kxg8 40. Kg1 Bd5
41. Ne1 Qg4+ 42. Kf1 Qxh4 43. f3 Qh1+ 44. Kf2 Qh2+ 45. Kf1 Qh3+ 46. Ke2 Qh4 47.
Qd3 Be6 48. Qd6 Bc4+ 49. Kd1 Qf2 50. Qg6+ Kh8 51. Qxh6+ Kg8 52. Qg6+ Kh8 53.
Qe8+ Kg7 54. Qe7+ Kg8 55. Qd8+ Kg7 56. Qd7+ Kg8 57. Qd8+ 1/2-1/2

[Event "Europa ch s-18 femenino"]
[Site "Herceg Novi MNT"]
[Date "2008.09.15"]
[Round "1.12"]
[White "Zhorzholiani, Meri"]
[Black "Chiarion, Elisa"]
[Result "0-1"]
[WhiteElo "2136"]
[BlackElo "1897"]
[PlyCount "80"]
[EventDate "2008.09.15"]
[EventType "swiss"]
[EventRounds "9"]
[Source "lmi"]
[SourceDate "2008.09.15"]

1. d4 d5 2. c4 e6 3. Nc3 c6 4. cxd5 exd5 5. Nf3 Bf5 6. Bg5 Qb6 7. Qd2 Nd7 8.
O-O-O Ngf6 9. Qf4 Bg6 10. Nh4 Bb4 11. Nxg6 hxg6 12. Qe3+ Be7 13. f3 Qd8 14. Qd2
b5 15. e3 a5 16. Bd3 Nb6 17. Qc2 a4 18. Ne2 Nc4 19. Bxc4 bxc4 20. Bxf6 Bxf6 21.
a3 Qb6 22. e4 Rb8 23. e5 Be7 24. Nc3 Bg5+ 25. Kb1 Qa5 26. Qxa4 Qb6 27. Qc2 O-O
28. Na4 Qa5 29. Ka2 Be7 30. h4 Ra8 31. Nc5 Bxc5 32. dxc5 Qxc5 33. h5 g5 34. h6
g6 35. e6 Kh7 36. exf7 Rxf7 37. Qc3 Rfa7 38. Rhe1 Rb8 39. Qe5 Rb3 40. Qe8 Qxa3+
0-1

[Event "Europa ch s-18 femenino"]
[Site "Herceg Novi MNT"]
[Date "2008.09.15"]
[Round "1.13"]
[White "Dvoranova, Maria"]
[Black "Ni, Viktorija"]
[Result "0-1"]
[WhiteElo "1891"]
[BlackElo "2129"]
[PlyCount "107"]
[EventDate "2008.09.15"]
[EventType "swiss"]
[EventRounds "9"]
[Source "lmi"]
[SourceDate "2008.09.15"]

1. d4 Nf6 2. c4 g6 3. Nc3 Bg7 4. e4 d6 5. Be2 O-O 6. Nf3 Na6 7. O-O e5 8. dxe5
dxe5 9. Bg5 Qe8 10. a3 Nc5 11. Qc2 Bg4 12. Be3 Nfd7 13. Nb5 Ne6 14. Ng5 Bxe2
15. Qxe2 Nxg5 16. Bxg5 Qc8 17. Rad1 Re8 18. Qe3 Nb6 19. b3 a6 20. Nc3 Bf8 21.
c5 Nd7 22. b4 f6 23. Bh6 Bxh6 24. Qxh6 Nf8 25. Nd5 Re6 26. Rd3 Rb8 27. Rfd1 Kh8
28. Qh4 Kg7 29. Rf3 Qd7 30. Rdd3 Qf7 31. Rh3 Rd8 32. Qh6+ Kg8 33. Qd2 Rc8 34.
Rdf3 Rd8 35. Rd3 Rc8 36. Rdf3 Rb8 37. Rd3 Rc8 38. Rdf3 Kh8 39. Qg5 Kg7 40. Qh6+
Kh8 41. Rd3 Rd8 42. Qd2 Rc8 43. Qd1 Ree8 44. Rhf3 f5 45. Rd2 Ne6 46. exf5 Nd4
47. Rxd4 exd4 48. Qxd4+ Qg7 49. Qxg7+ Kxg7 50. f6+ Kf7 51. Ne7 Rcd8 52. Kf1 Rd2
53. g4 Red8 54. h3 0-1

[Event "Europa ch s-18 femenino"]
[Site "Herceg Novi MNT"]
[Date "2008.09.15"]
[Round "1.15"]
[White "Topic, Jelena"]
[Black "Dudas, Eszter"]
[Result "0-1"]
[WhiteElo "1866"]
[BlackElo "2108"]
[PlyCount "96"]
[EventDate "2008.09.15"]
[EventType "swiss"]
[EventRounds "9"]
[Source "lmi"]
[SourceDate "2008.09.15"]

1. e4 c5 2. Nf3 e6 3. d3 d5 4. Nbd2 Nc6 5. g3 Bd6 6. Bg2 Nf6 7. O-O O-O 8. Re1
Qc7 9. Qe2 Nd7 10. c3 b5 11. Nh4 d4 12. f4 e5 13. f5 Ba6 14. a4 dxc3 15. bxc3
b4 16. Bb2 bxc3 17. Bxc3 Nb4 18. Nc4 Rfe8 19. Rac1 Bf8 20. Nf3 Nc6 21. Ne3 Nb6
22. Nd5 Qd6 23. a5 Na4 24. Ba1 Nb4 25. Red1 Rad8 26. Qe3 Qb8 27. Rb1 Qd6 28.
Rbc1 Rc8 29. h3 Rb8 30. Kh2 Kh8 31. Rd2 f6 32. Nxb4 Rxb4 33. Qe1 Qd8 34. Bf1
Qxa5 35. Ra2 Qd8 36. Qd1 Qd7 37. Bc3 Nxc3 38. Rxc3 Bb5 39. Qa1 a6 40. Ne1 Rd4
41. Nc2 Rd6 42. Ra5 Bxd3 43. Bxd3 Rxd3 44. Qb2 Rd2+ 45. Kg1 Rd1+ 46. Kf2 Qd2+
47. Kf3 Rf1+ 48. Kg4 Qg5# 0-1

[Event "Europa ch s-18 femenino"]
[Site "Herceg Novi MNT"]
[Date "2008.09.15"]
[Round "1.16"]
[White "Guadamuro Torrente, Anabel"]
[Black "Aggeli, Eleni"]
[Result "1-0"]
[WhiteElo "2105"]
[BlackElo "1856"]
[PlyCount "105"]
[EventDate "2008.09.15"]
[EventType "swiss"]
[EventRounds "9"]
[Source "lmi"]
[SourceDate "2008.09.15"]

1. e4 c5 2. Nf3 e6 3. Nc3 d6 4. d4 cxd4 5. Nxd4 Nf6 6. Be2 Be7 7. f4 a6 8. Be3
b5 9. Bf3 e5 10. Nf5 O-O 11. Nd5 Bxf5 12. Nxf6+ Bxf6 13. exf5 exf4 14. Bd4 Qe7+
15. Kf1 Bxd4 16. Qxd4 Ra7 17. Re1 Qc7 18. Qxf4 Qxc2 19. Qg5 Qxb2 20. Re2 Qa1+
21. Kf2 Qd4+ 22. Kg3 Nd7 23. Re7 Nf6 24. Rxa7 Qxa7 25. Rd1 Qc5 26. h4 Qe5+ 27.
Qf4 Qxf4+ 28. Kxf4 Rd8 29. g4 h6 30. Bb7 a5 31. Bc6 b4 32. g5 hxg5+ 33. hxg5
Ne8 34. Re1 Kf8 35. Rh1 Kg8 36. Re1 Kf8 37. Ke4 Nc7 38. Kd4 Na6 39. Rh1 Nc5 40.
Kc4 Ke7 41. Rh7 Kf8 42. Rh8+ Ke7 43. f6+ gxf6 44. gxf6+ Kxf6 45. Rxd8 Ke5 46.
Re8+ Ne6 47. Bd5 Kf5 48. Bxe6+ fxe6 49. Kb5 e5 50. Kxa5 e4 51. Kxb4 d5 52. Kc3
Kf4 53. Kd4 1-0

[Event "Europa ch s-18 femenino"]
[Site "Herceg Novi MNT"]
[Date "2008.09.15"]
[Round "1.17"]
[White "Dincel, Melodi"]
[Black "Gosciniak, Maria"]
[Result "1/2-1/2"]
[WhiteElo "1845"]
[BlackElo "2096"]
[PlyCount "90"]
[EventDate "2008.09.15"]
[EventType "swiss"]
[EventRounds "9"]
[Source "lmi"]
[SourceDate "2008.09.15"]

1. c4 c5 2. Nc3 Nc6 3. e4 g6 4. g3 Bg7 5. Bg2 e6 6. Nge2 Nge7 7. d3 O-O 8. Be3
Nd4 9. O-O d6 10. Qc1 Nec6 11. Bh6 Bxh6 12. Qxh6 Ne5 13. Rad1 Ndf3+ 14. Bxf3
Nxf3+ 15. Kg2 Nd4 16. f4 f5 17. Nxd4 cxd4 18. Ne2 Qb6 19. Ng1 Qxb2+ 20. Rf2 Qb6
21. Nf3 Rf7 22. Ng5 Rg7 23. exf5 exf5 24. Re1 Bd7 25. Rfe2 Qd8 26. Kf1 a6 27.
Nf3 Qf6 28. Qg5 Qxg5 29. Nxg5 Kf8 30. Nf3 b5 31. Nxd4 bxc4 32. dxc4 Rc8 33. Rc1
Re7 34. Rxe7 Kxe7 35. Ke2 Rb8 36. Rc2 Ba4 37. Rd2 Rc8 38. Kd3 Kd7 39. Rb2 Bc6
40. Nxc6 Kxc6 41. Re2 Rb8 42. Kc3 Rb1 43. Re7 Rc1+ 44. Kb3 Rb1+ 45. Kc3 Rc1+
1/2-1/2

[Event "Europa ch s-18 femenino"]
[Site "Herceg Novi MNT"]
[Date "2008.09.15"]
[Round "1.18"]
[White "Manyoki, Anna"]
[Black "Vartic, Irina"]
[Result "1-0"]
[WhiteElo "2053"]
[BlackElo "1836"]
[PlyCount "33"]
[EventDate "2008.09.15"]
[EventType "swiss"]
[EventRounds "9"]
[Source "lmi"]
[SourceDate "2008.09.15"]

1. e4 e5 2. Nf3 Nc6 3. Bb5 Nf6 4. O-O Nxe4 5. d4 Be7 6. d5 Nd6 7. Be2 e4 8.
dxc6 exf3 9. cxd7+ Bxd7 10. Bxf3 O-O 11. Bf4 Bf5 12. Nc3 Nc4 13. Qe2 Qd4 14.
Nd5 Bd6 15. Rfd1 Qc5 16. b4 Qb5 17. a4 1-0

[Event "Europa ch s-18 femenino"]
[Site "Herceg Novi MNT"]
[Date "2008.09.15"]
[Round "1.19"]
[White "Balcaite, Agne"]
[Black "Nowak, Malgorzata"]
[Result "1/2-1/2"]
[WhiteElo "1830"]
[BlackElo "2052"]
[PlyCount "126"]
[EventDate "2008.09.15"]
[EventType "swiss"]
[EventRounds "9"]
[Source "lmi"]
[SourceDate "2008.09.15"]

1. e4 d5 2. exd5 Qxd5 3. Nc3 Qa5 4. d4 c6 5. Nf3 Nf6 6. Bd2 Bf5 7. Bc4 e6 8.
O-O Nbd7 9. Re1 Qc7 10. Bb3 O-O-O 11. Qe2 h6 12. Ne5 Nb6 13. Be3 g5 14. a4 a5
15. Qf3 g4 16. Qe2 Bd6 17. Bd2 Bb4 18. Nd1 Rxd4 19. Bxb4 Rxb4 20. Nc3 Rd8 21.
Qe3 h5 22. Qg5 Nbd5 23. Nxd5 Nxd5 24. Qxh5 f6 25. Bxd5 Rxd5 26. c3 Rxb2 27.
Nxg4 Qf4 28. f3 Qd2 29. Ne3 Re5 30. Qh8+ Kc7 31. Qg7+ Kc8 32. Qg8+ Kc7 33. Qg7+
Kb8 34. Qg3 Qxc3 35. Rac1 Qd4 36. Rcd1 Rd2 37. Rxd2 Qxd2 38. Qf2 Qxf2+ 39. Kxf2
b5 40. axb5 cxb5 41. Nxf5 Rxf5 42. Rxe6 a4 43. g4 Rc5 44. Rxf6 a3 45. Ra6 Rc2+
46. Ke3 a2 47. Kd3 Rxh2 48. Kc3 Kb7 49. Ra3 Rf2 50. Kb3 Kc6 51. Rxa2 Rxf3+ 52.
Kb2 Rg3 53. Ra6+ Kc5 54. Rg6 Kc4 55. g5 Rg2+ 56. Kb1 Kb3 57. Kc1 b4 58. Rg8
Rg1+ 59. Kd2 Ka2 60. g6 b3 61. g7 Rg2+ 62. Kd3 Rg3+ 63. Kd2 Rg2+ 1/2-1/2

[Event "Europa ch s-18 femenino"]
[Site "Herceg Novi MNT"]
[Date "2008.09.15"]
[Round "1.20"]
[White "Kalashyan, Varduhi"]
[Black "Naydenova, Yordanka"]
[Result "1-0"]
[WhiteElo "2049"]
[BlackElo "1807"]
[PlyCount "69"]
[EventDate "2008.09.15"]
[EventType "swiss"]
[EventRounds "9"]
[Source "lmi"]
[SourceDate "2008.09.15"]

1. e4 e5 2. Nf3 Nc6 3. Bb5 a6 4. Ba4 Nf6 5. O-O Be7 6. Re1 b5 7. Bb3 d6 8. c3
O-O 9. h3 Na5 10. Bc2 c5 11. d4 Qc7 12. Nbd2 Nc6 13. d5 Nb8 14. a4 Bb7 15. Nf1
Ne8 16. N3h2 Nd7 17. Ng3 g6 18. Ng4 Rb8 19. Bh6 Ng7 20. Ne3 Rfe8 21. axb5 axb5
22. c4 bxc4 23. Nxc4 Ra8 24. Ba4 Reb8 25. Qg4 Nf6 26. Qf3 Ra7 27. b3 Nd7 28.
Qc3 Nb6 29. Nxb6 Qxb6 30. Nf1 Bc8 31. Nd2 Qb4 32. Qxb4 Rxb4 33. Bc6 Rxa1 34.
Rxa1 Bb7 35. Ra7 1-0

[Event "Europa ch s-18 femenino"]
[Site "Herceg Novi MNT"]
[Date "2008.09.15"]
[Round "1.21"]
[White "Di Cerbo, Giulia"]
[Black "Mareckova, Martina"]
[Result "0-1"]
[WhiteElo "1795"]
[BlackElo "2042"]
[PlyCount "80"]
[EventDate "2008.09.15"]
[EventType "swiss"]
[EventRounds "9"]
[Source "lmi"]
[SourceDate "2008.09.15"]

1. d4 Nf6 2. Nf3 g6 3. Nbd2 Bg7 4. e4 d6 5. Bd3 O-O 6. O-O Nc6 7. c3 e5 8. dxe5
Nxe5 9. Nxe5 dxe5 10. Qe2 Qe7 11. Nf3 Bd7 12. Bg5 h6 13. Bd2 Rad8 14. Rad1 Bc6
15. Ne1 Rd7 16. f3 Rfd8 17. Be3 Ne8 18. Nc2 a5 19. Rd2 Nd6 20. Rfd1 f5 21. exf5
Nxf5 22. Bf2 Kh8 23. Ne3 e4 24. fxe4 Bxe4 25. Bxe4 Rxd2 26. Rxd2 Rxd2 27. Qxd2
Qxe4 28. Nxf5 Qxf5 29. a3 Qb1+ 30. Be1 a4 31. g3 c5 32. Qe2 b5 33. Kf2 Qf5+ 34.
Kg1 Qb1 35. Kf2 b4 36. axb4 cxb4 37. Qe8+ Kh7 38. cxb4 Qxb2+ 39. Kg1 a3 40. Qe7
a2 0-1

[Event "Europa ch s-18 femenino"]
[Site "Herceg Novi MNT"]
[Date "2008.09.15"]
[Round "1.22"]
[White "Kasperek, Joanna"]
[Black "Farevaag, Evy"]
[Result "1-0"]
[WhiteElo "2041"]
[BlackElo "1771"]
[PlyCount "31"]
[EventDate "2008.09.15"]
[EventType "swiss"]
[EventRounds "9"]
[Source "lmi"]
[SourceDate "2008.09.15"]

1. e4 c6 2. d4 d5 3. exd5 cxd5 4. c4 Nf6 5. Nc3 e6 6. Nf3 Nc6 7. c5 Be7 8. Bb5
Bd7 9. O-O O-O 10. Bf4 b6 11. Bxc6 Bxc6 12. Ne5 Bb7 13. b4 bxc5 14. bxc5 Qa5
15. Qb3 Ba6 16. Nc6 1-0

[Event "Europa ch s-18 femenino"]
[Site "Herceg Novi MNT"]
[Date "2008.09.15"]
[Round "1.23"]
[White "Veleska, Viktorija"]
[Black "Novosadova, Kristyna"]
[Result "0-1"]
[WhiteElo "1700"]
[BlackElo "2038"]
[PlyCount "42"]
[EventDate "2008.09.15"]
[EventType "swiss"]
[EventRounds "9"]
[Source "lmi"]
[SourceDate "2008.09.15"]

1. e4 e5 2. Nf3 Nc6 3. d4 exd4 4. Bc4 Nf6 5. Ng5 Ne5 6. Bb3 h6 7. f4 hxg5 8.
fxe5 Nxe4 9. Qxd4 Nc5 10. Bc4 d5 11. exd6 Bxd6 12. Qc3 Ne4 13. Bxf7+ Kxf7 14.
Qc4+ Kg6 15. Qxe4+ Bf5 16. Qf3 Bxh2 17. Rf1 Re8+ 18. Kf2 Qd4+ 19. Be3 Rxe3 20.
Qxe3 Bg3+ 21. Ke2 Qc4+ 0-1

[Event "Europa ch s-18 femenino"]
[Site "Herceg Novi MNT"]
[Date "2008.09.15"]
[Round "1.24"]
[White "Chierici, Marianna"]
[Black "Finnbogadottir, Tinna Kristin"]
[Result "1-0"]
[WhiteElo "2037"]
[BlackElo "1655"]
[PlyCount "69"]
[EventDate "2008.09.15"]
[EventType "swiss"]
[EventRounds "9"]
[Source "lmi"]
[SourceDate "2008.09.15"]

1. e4 c5 2. c3 d5 3. exd5 Qxd5 4. d4 e6 5. Nf3 Nf6 6. Na3 cxd4 7. Nb5 Na6 8.
Qa4 Bd7 9. Nfxd4 Bc5 10. Be3 O-O 11. Bc4 Qe5 12. O-O Ng4 13. Nf3 Qh5 14. Bf4 e5
15. Bg3 e4 16. Nfd4 Kh8 17. Rad1 f5 18. Ne2 Bc6 19. Qc2 Rf6 20. Nbd4 Bxd4 21.
cxd4 Raf8 22. Nf4 Qg5 23. d5 Bd7 24. Qc3 Rc8 25. Qd4 Rh6 26. h3 Nf6 27. Be2 Nc7
28. Rc1 Nce8 29. Rxc8 Bxc8 30. Qxa7 Nd6 31. Qc5 Nfe8 32. Rc1 Rf6 33. Bb5 Nxb5
34. Qxb5 Nd6 35. Rxc8+ 1-0

[Event "Europa ch s-18 femenino"]
[Site "Herceg Novi MNT"]
[Date "2008.09.16"]
[Round "2.1"]
[White "Nemcova, Katerina"]
[Black "Manyoki, Anna"]
[Result "1-0"]
[WhiteElo "2372"]
[BlackElo "2053"]
[PlyCount "63"]
[EventDate "2008.09.15"]
[EventType "swiss"]
[EventRounds "9"]
[Source "lmi"]
[SourceDate "2008.09.15"]

1. e4 e5 2. Nf3 Nc6 3. Bb5 a6 4. Ba4 Nf6 5. O-O Be7 6. Re1 b5 7. Bb3 O-O 8. h3
Bb7 9. d3 d6 10. a3 Na5 11. Ba2 c5 12. Nbd2 Nc6 13. Nf1 Bc8 14. c3 Be6 15. Bxe6
fxe6 16. b4 Qd7 17. Ng3 cxb4 18. axb4 d5 19. Qb3 d4 20. Ng5 Nd8 21. Bb2 Kh8 22.
cxd4 exd4 23. Rec1 h6 24. Nf3 Nc6 25. Rxc6 Qxc6 26. Nxd4 Qb6 27. Nxe6 Rfc8 28.
Nf5 Rc6 29. Nexg7 Rg8 30. Nxe7 Rxg7 31. Nxc6 Qxc6 32. Qc3 1-0

[Event "Europa ch s-18 femenino"]
[Site "Herceg Novi MNT"]
[Date "2008.09.16"]
[Round "2.2"]
[White "Mareckova, Martina"]
[Black "Girya, Olga"]
[Result "0-1"]
[WhiteElo "2042"]
[BlackElo "2350"]
[PlyCount "82"]
[EventDate "2008.09.15"]
[EventType "swiss"]
[EventRounds "9"]
[Source "lmi"]
[SourceDate "2008.09.15"]

1. e4 c5 2. Nc3 e6 3. g3 d5 4. exd5 exd5 5. Bg2 Nf6 6. d3 d4 7. Ne4 Nxe4 8.
dxe4 Nc6 9. Nh3 Qa5+ 10. Qd2 Qxd2+ 11. Bxd2 Ne5 12. Bf4 f6 13. Bxe5 fxe5 14. f4
Bd6 15. O-O O-O 16. fxe5 Bxe5 17. Rxf8+ Kxf8 18. Rf1+ Ke7 19. Ng5 Bd7 20. b3
Rg8 21. Nf3 Bc7 22. a4 Rf8 23. Nd2 Rxf1+ 24. Kxf1 b5 25. axb5 Bxb5+ 26. Kf2 Ba5
27. Nf3 Bc3 28. Ne5 c4 29. bxc4 Ba4 30. c5 Ke6 31. Nc4 Bb4 32. Bh3+ Ke7 33. c6
Bxc6 34. e5 Be4 35. Ke2 Bxc2 36. Bg2 a5 37. Bc6 Ke6 38. Nb2 Kxe5 39. Bb5 Bc3
40. Nc4+ Kd5 41. Na3 Bg6 0-1

[Event "Europa ch s-18 femenino"]
[Site "Herceg Novi MNT"]
[Date "2008.09.16"]
[Round "2.3"]
[White "Rakic, Marija"]
[Black "Kalashyan, Varduhi"]
[Result "1/2-1/2"]
[WhiteElo "2276"]
[BlackElo "2049"]
[PlyCount "129"]
[EventDate "2008.09.15"]
[EventType "swiss"]
[EventRounds "9"]
[Source "lmi"]
[SourceDate "2008.09.15"]

1. d4 Nf6 2. c4 e6 3. Nf3 b6 4. g3 Ba6 5. Nbd2 Bb7 6. Bg2 Be7 7. O-O O-O 8. b3
d5 9. Ne5 c5 10. Bb2 cxd4 11. Bxd4 Nbd7 12. cxd5 Nxe5 13. Bxe5 Bxd5 14. e4 Bb7
15. Qe2 Rc8 16. Rac1 Qd7 17. Nc4 Ba6 18. Rfd1 Bxc4 19. bxc4 Qa4 20. g4 Rfd8 21.
g5 Ne8 22. Rxd8 Rxd8 23. h4 Qd7 24. Bc3 Ba3 25. Rc2 Qd1+ 26. Bf1 Bc5 27. Kg2
Kf8 28. Qxd1 Rxd1 29. Be2 Rd7 30. h5 Be7 31. f4 f6 32. gxf6 gxf6 33. Kf3 Bc5
34. Rd2 Rxd2 35. Bxd2 Nd6 36. e5 Nf5 37. exf6 Nd4+ 38. Kf2 Kf7 39. Bd3 Nf5+ 40.
Kf3 Kxf6 41. Bc3+ Bd4 42. Bxd4+ Nxd4+ 43. Kg4 h6 44. Be4 Ne2 45. Bd3 Nc3 46. a3
Nd1 47. Kf3 Nb2 48. Be2 Kf5 49. Ke3 e5 50. fxe5 Kxe5 51. Bf1 Nd1+ 52. Ke2 Nc3+
53. Kd3 Ne4 54. Be2 Ng3 55. Bd1 Kf4 56. Kd4 Nf5+ 57. Kd3 Ng3 58. Kd4 Kg5 59.
Kd5 Nxh5 60. Kc6 Nf6 61. Kb7 Nd7 62. Kxa7 h5 63. Bxh5 Kxh5 64. Kb7 Ne5 65. Kxb6
1/2-1/2

[Event "Europa ch s-18 femenino"]
[Site "Herceg Novi MNT"]
[Date "2008.09.16"]
[Round "2.5"]
[White "Novosadova, Kristyna"]
[Black "Fuchs, Judith"]
[Result "0-1"]
[WhiteElo "2038"]
[BlackElo "2197"]
[PlyCount "68"]
[EventDate "2008.09.15"]
[EventType "swiss"]
[EventRounds "9"]
[Source "lmi"]
[SourceDate "2008.09.15"]

1. e4 c5 2. Nf3 d6 3. d4 cxd4 4. Nxd4 Nf6 5. Nc3 a6 6. Be2 e5 7. Nb3 Be6 8. Bg5
Be7 9. O-O O-O 10. f4 exf4 11. Bxf4 d5 12. e5 Ne4 13. Qe1 Bb4 14. Bd3 Nxc3 15.
bxc3 Be7 16. Nd4 Nd7 17. Bf5 Bc5 18. Bxe6 fxe6 19. Qg3 Nb6 20. Bh6 Qd7 21. Kh1
Bxd4 22. cxd4 Kh8 23. Bf4 Rac8 24. c3 Na4 25. Rf3 Nxc3 26. Qh4 Ne4 27. Raf1 Rf7
28. Be3 Rxf3 29. gxf3 Rf8 30. Qe1 Qf7 31. Bc1 Qf5 32. Ba3 Rf7 33. Qc1 h6 34.
Qd1 Ng3+ 0-1

[Event "Europa ch s-18 femenino"]
[Site "Herceg Novi MNT"]
[Date "2008.09.16"]
[Round "2.7"]
[White "Traistaru, Teodora"]
[Black "Pavlidou, Ekaterini"]
[Result "1/2-1/2"]
[WhiteElo "2162"]
[BlackElo "2034"]
[PlyCount "38"]
[EventDate "2008.09.15"]
[EventType "swiss"]
[EventRounds "9"]
[Source "lmi"]
[SourceDate "2008.09.15"]

1. e4 e5 2. Nf3 Nc6 3. Bb5 a6 4. Ba4 Nf6 5. O-O Be7 6. Re1 b5 7. Bb3 d6 8. c3
O-O 9. h3 Nb8 10. d4 Nbd7 11. Nbd2 Bb7 12. Bc2 Re8 13. Nf1 Bf8 14. Ng3 g6 15.
Bg5 h6 16. Bd2 c5 17. d5 c4 18. Nh2 h5 19. Nf3 Nh7 1/2-1/2